Top 20 Fastest Women as of 2024 - Statistics

General Stats
  • This quiz has been taken 2 times
  • The average score is 6 of 20
Answer Stats
Hint Answer % Correct
8 Ivory Coast- Marie-Josee Ta Lou-Smith
100%
6 Switzerland- Mujinga Kambundji
100%
2 USA- Sha'Carri Richardson
100%
10 Germany- Gina Luckenkemper
50%
9 Poland- Ewa Swoboda
50%
1 St. Lucia- Julien Alfred
50%
4 UK-Daryll Neita
50%
13 UK- Dina Asher-Smith
50%
5 USA- Twanisha Terry
50%
19 Belgium- Delphine Nkansa
0%
12 Canada- Audrey Leduc
0%
11 Gambia- Gina Mariam Bass Bittaye
0%
18 Hungary- Boglarka Takacs
0%
16 Jamaica- Shashalee Forbes
0%
7 Jamaica- Tia Clayton
0%
14 Luxembourg- Patrizia Van der Weken
0%
15 New Zealand- Zoe Hobbs
0%
20 Puerto Rico- Gladymar Torres
0%
17 UK- Imani Lansiqout
0%
3 USA- Melissa Jefferson
0%
No matching quizzes found
Score Distribution
Percent of People with Each Score
Percentile by Number Answered
Your Score History
You have not taken this quiz